| Tag |
First Indicator |
Second Indicator |
Subfields |
| LEADER |
00000cam a2200000 a 4500 |
| 001 |
in00000005678 |
| 007 |
he bmb024bbca |
| 008 |
990720s1999 dcua bb f000 0 eng c |
| 005 |
20230331144243.4 |
| 035 |
|
|
|a (OCoLC)ocm41931186
|
| 035 |
|
|
|9 AJJ6529AM
|
| 035 |
|
|
|a in00000005678
|
| 037 |
|
|
|a 161687
|b GAO (202) 512-6000 (voice); (301) 258-4066 (Fax); (202) 512-2537 (TDD)
|f paper copy
|
| 040 |
|
|
|a GPO
|c GPO
|d MvI
|d UtOrBLW
|
| 042 |
|
|
|a pcc
|
| 043 |
|
|
|a n-us---
|
| 049 |
|
|
|a UMIC
|
| 049 |
|
|
|a WWW
|
| 074 |
|
|
|a 0546-D (MF)
|
| 074 |
|
|
|a 0546-D (online)
|
| 086 |
0 |
|
|a GA 1.13:GGD-99-30
|
| 088 |
|
|
|a GAO/GGD-99-30
|
| 088 |
|
|
|a B-279036
|
| 110 |
1 |
|
|a United States.
|b General Accounting Office.
|
| 245 |
1 |
0 |
|a Tax administration :
|b IRS' return selection process : report to the Chairman, Committee on Ways and Means; and the Chairman, Subcommittee on Oversight, Committee on Ways and Means, House of Representatives.
|
| 246 |
3 |
0 |
|a IRS' return selection process
|
| 264 |
|
1 |
|a Washington, D.C. (P.O. Box 37050, Washington 20013) :
|b U.S. General Accounting Office,
|c [1999]
|
| 300 |
|
|
|a 36 pages :
|b illustrations ;
|c 28 cm.
|
| 336 |
|
|
|a text
|b txt
|2 rdacontent
|
| 337 |
|
|
|a microform
|b h
|2 rdamedia
|
| 338 |
|
|
|a microfiche
|b he
|2 rdacarrier
|
| 500 |
|
|
|a Cover title.
|
| 500 |
|
|
|a Shipping list number: 99-0646-M.
|
| 500 |
|
|
|a "February 1999."
|
| 504 |
|
|
|a Includes bibliographical references.
|
| 500 |
|
|
|a "GAO/GGD-99-30."
|
| 500 |
|
|
|a "B-279036."
|
| 533 |
|
|
|a Microfiche.
|b [Washington, D.C.] :
|c U.S. General Accounting Office,
|d [1999?]
|e 1 microfiche : negative.
|
| 530 |
|
|
|a Also available via Internet from the GPO Access web site. Address as of 10/15/2002: http://frwebgate.access.gpo.gov/cgi-bin/getdoc.cgi?dbname=gao&docid=f:gg99030.pdf; current access is available via PURL.
|
| 500 |
|
|
|a Microform.
|
| 610 |
1 |
0 |
|a United States.
|b Internal Revenue Service.
|
| 650 |
|
0 |
|a Tax returns
|z United States.
|
| 650 |
|
0 |
|a Tax auditing
|z United States.
|
| 650 |
|
0 |
|a Tax administration and procedure
|z United States.
|
| 856 |
4 |
1 |
|u https://purl.fdlp.gov/GPO/LPS23216
|z Adobe Acrobat Reader required
|t 0
|
| 999 |
|
|
|a MARS
|
| 999 |
f |
f |
|i 21c6ccdc-f58c-392a-9456-e6b4c3c13005
|s 95843e9f-a3d4-32f2-a662-a8a1d09830f1
|t 0
|
| 952 |
f |
f |
|p normal
|a Texas A&M University
|b College Station
|c Sterling C. Evans Library
|d Evans: US Documents Microfiche (3rd floor)
|t 0
|e GA 1.13:GGD-99-30
|h Superintendent of Documents classification
|i microform -- microfiche
|m A14824283499
|
| 952 |
f |
f |
|a Texas A&M University
|b College Station
|c Electronic Resources
|d Available Online
|t 0
|e GA 1.13:GGD-99-30
|h Superintendent of Documents classification
|
| 998 |
f |
f |
|a GA 1.13:GGD-99-30
|t 0
|l Available Online
|
| 998 |
f |
f |
|a GA 1.13:GGD-99-30
|t 0
|l Evans: US Documents Microfiche (3rd floor)
|